| 000 | 00000nam##2200000za#4500 |
| 001 | 9.639954 |
| 003 | CaOODSP |
| 005 | 20240314152355 |
| 007 | cr ||||||||||| |
| 008 | 150407|2008||||xxc|||||o f|0| 0 fre|d |
| 020 | |a978-1-100-98896-2 |
| 040 | |aCaOODSP|bfre |
| 043 | |an-cn--- |
| 086 | 1 |aPS4-146/2008F-PDF |
| 110 | 1 |aCanada. |bSécurité publique Canada. |
| 245 | 10|a2007-2008 évaluation formative de l'Initiative sur les investissements dans la lutte contre l'utilisation d'armes à feu à des fins criminelles / |h[ressource électronique]|cpréparé pour : Sécurité publique Canada, Gendarmerie royale du Canada, Agence des services frontaliers du Canada; par : Services de conseils du gouvernement, Travaux publics et Services gouvernementaux Canada. |
| 260 | |aOttawa - Ontario : |bSécurité publique Canada |cLe 30 mai 2007. |
| 300 | |a98p.|bfigure, graphique, tableaux |
| 500 | |aNuméro de projet : 570-2648 |
| 590 | |a12-43-Supp|b2012-12-07 |
| 775 | 08|t2007-2008 formative evaluation of the Investments to Combat the Criminal Use of Firearms Initiative / |w(CaOODSP)9.695803 |
| 856 | 40|ahttp://publications.gc.ca|qPDF|s576 Ko|uhttps://publications.gc.ca/collections/collection_2012/sp-ps/PS4-146-2008-fra.pdf |